[Event "35t. Copenhagen Open (Politiken Cup)"]
[Site "Elsinore"]
[Date "2013.07.27"]
[Round "1"]
[White "Norlander, Svante"]
[Black "Brondt, Nicolai Kvist"]
[Result "0-1"]
[WhiteElo "1796"]
[BlackElo "2180"]
[PlyCount "52"]
[EventDate "2013.07.27"]
[EventType "swiss"]
[EventRounds "10"]
[EventCountry "DEN"]
[Source "ChessBase"]
[SourceDate "2013.08.26"]

1. e4 c6 2. d4 d5 3. Nc3 dxe4 4. Nxe4 Bf5 5. Ng3 Bg6 6. Nf3 Nd7 7. h4 h6 8. h5
Bh7 9. Bd3 Bxd3 10. Qxd3 e6 11. Bd2 Ngf6 12. O-O-O Be7 13. Kb1 O-O 14. Rde1 c5
15. c4 cxd4 16. Ne4 Nxe4 17. Qxe4 Nc5 18. Qxd4 Qb6 19. Ne5 Rad8 20. Qe3 Ne4 21.
Qxb6 Nxd2+ 22. Kc2 axb6 23. b3 Rd4 24. f3 Rfd8 25. Re2 b5 26. Rd1 Nxf3 0-1

[Event "35t. Copenhagen Open (Politiken Cup)"]
[Site "Elsinore"]
[Date "2013.07.27"]
[Round "1"]
[White "Oe, Oluf"]
[Black "Narheim, Mats"]
[Result "1-0"]
[WhiteElo "1992"]
[BlackElo "1315"]
[PlyCount "53"]
[EventDate "2013.07.27"]
[EventType "swiss"]
[EventRounds "10"]
[EventCountry "DEN"]
[Source "ChessBase"]
[SourceDate "2013.08.26"]

1. c4 e5 2. Nc3 Nc6 3. e3 g6 4. Nf3 Bg7 5. Be2 Qe7 6. Nd5 Qd8 7. d4 exd4 8.
exd4 d6 9. O-O Nge7 10. Bg5 Bg4 11. Nf6+ Bxf6 12. Bxf6 Rf8 13. d5 Ne5 14. Nxe5
Bxe2 15. Qxe2 dxe5 16. Qxe5 Qd6 17. Rfe1 Qxe5 18. Rxe5 O-O-O 19. Rxe7 Rd6 20.
Bg7 Rg8 21. Rxf7 c6 22. dxc6 Rxc6 23. b3 Kb8 24. g3 Rgc8 25. Rd1 a6 26. Rdd7
R6c7 27. Be5 1-0

[Event "35t. Copenhagen Open (Politiken Cup)"]
[Site "Elsinore"]
[Date "2013.07.27"]
[Round "1"]
[White "Oland, Arne"]
[Black "Grandelius, Nils"]
[Result "0-1"]
[WhiteElo "1955"]
[BlackElo "2573"]
[PlyCount "50"]
[EventDate "2013.07.27"]
[EventType "swiss"]
[EventRounds "10"]
[EventCountry "DEN"]
[Source "ChessBase"]
[SourceDate "2013.08.26"]

1. d4 Nf6 2. Nf3 g6 3. c4 Bg7 4. Nc3 d5 5. e3 O-O 6. Bd3 c5 7. O-O cxd4 8. exd4
Nc6 9. c5 Bg4 10. Be2 Ne4 11. Be3 b6 12. cxb6 Nxc3 13. bxc3 axb6 14. Qd2 e6 15.
Rab1 Qc7 16. Rfc1 Bxf3 17. Bxf3 Na5 18. Bf4 Nc4 19. Bxc7 Nxd2 20. Rxb6 Rfc8 21.
Rb7 Rxa2 22. Bd1 Bh6 23. Kh1 Ne4 24. Rcb1 Nxc3 25. Rb8 Ra8 0-1

[Event "35t. Copenhagen Open (Politiken Cup)"]
[Site "Elsinore"]
[Date "2013.07.27"]
[Round "1"]
[White "Olofsson Dolk, Mattis"]
[Black "Marthedal, Anton Mehmet Yildiz"]
[Result "1-0"]
[WhiteElo "2113"]
[BlackElo "1644"]
[PlyCount "47"]
[EventDate "2013.07.27"]
[EventType "swiss"]
[EventRounds "10"]
[EventCountry "DEN"]
[Source "ChessBase"]
[SourceDate "2013.08.26"]

1. e4 d6 2. d4 Nf6 3. Nc3 g6 4. f4 Bg7 5. Nf3 c5 6. Bb5+ Bd7 7. Bxd7+ Nbxd7 8.
d5 Qc7 9. Qe2 a6 10. a4 b6 11. O-O O-O 12. Bd2 Rfe8 13. e5 dxe5 14. fxe5 Ng4
15. e6 Bd4+ 16. Kh1 Nde5 17. Nxe5 Nxe5 18. exf7+ Nxf7 19. Qe6 Rf8 20. Bf4 Be5
21. Bxe5 Qxe5 22. Rxf7 Rxf7 23. Qxe5 Raf8 24. h3 1-0

[Event "35t. Copenhagen Open (Politiken Cup)"]
[Site "Elsinore"]
[Date "2013.07.27"]
[Round "1"]
[White "Olsen, Filip Boe"]
[Black "Martinsen, Stig K"]
[Result "1/2-1/2"]
[WhiteElo "1753"]
[BlackElo "2164"]
[PlyCount "145"]
[EventDate "2013.07.27"]
[EventType "swiss"]
[EventRounds "10"]
[EventCountry "DEN"]
[Source "ChessBase"]
[SourceDate "2013.08.26"]

1. d4 d6 2. Nf3 g6 3. Bf4 f5 4. e3 Nf6 5. c3 Bg7 6. Nbd2 O-O 7. Bc4+ e6 8. O-O
Nc6 9. h3 Kh8 10. Bb3 a6 11. Rc1 Nh5 12. d5 Na5 13. dxe6 Nxb3 14. Qxb3 Qe7 15.
Rfd1 Qxe6 16. Qxe6 Bxe6 17. h4 Nxf4 18. exf4 Bd5 19. Re1 Rfe8 20. a3 b5 21. g3
c5 22. Re3 Rxe3 23. fxe3 a5 24. Kf2 Rb8 25. Rc2 b4 26. axb4 axb4 27. Ne1 Bc6
28. c4 b3 29. Rc1 Bxb2 30. Rb1 Bc3 31. Rxb3 Rxb3 32. Nxb3 Ba4 33. Nc1 Bb4 34.
Ke2 Ba3 35. Ned3 Kg7 36. Kd2 Kf6 37. Nf2 Bxc1+ 38. Kxc1 Bb3 39. Kd2 Bxc4 40. e4
Ba6 41. Kc3 fxe4 42. Nxe4+ Ke7 43. Kb3 Bb7 44. Nf2 Ke6 45. Kc3 Bf3 46. Kd3 Bg2
47. Nd1 d5 48. g4 Bf1+ 49. Kd2 d4 50. Nf2 Kd5 51. g5 Ke6 52. Ng4 Kf5 53. Nf6 h5
54. Nd5 Ke6 55. Nf6 c4 56. Ne4 c3+ 57. Kc2 Bh3 58. Nc5+ Kf5 59. Nd3 Bf1 60. Ne5
Bb5 61. Nf3 d3+ 62. Kxc3 Kxf4 63. Nd4 Bd7 64. Kxd3 Kg4 65. Ke3 Kxh4 66. Kf4 Kh3
67. Nf3 Bf5 68. Ng1+ Kg2 69. Nf3 Kf2 70. Nh4 Bc2 71. Nf3 Bb1 72. Nh4 Bc2 73.
Nf3 1/2-1/2

[Event "35t. Copenhagen Open (Politiken Cup)"]
[Site "Elsinore"]
[Date "2013.07.27"]
[Round "1"]
[White "Pedersen, Hans Buus"]
[Black "Agovic, Sejfo"]
[Result "1-0"]
[WhiteElo "2118"]
[BlackElo "1678"]
[PlyCount "75"]
[EventDate "2013.07.27"]
[EventType "swiss"]
[EventRounds "10"]
[EventCountry "DEN"]
[Source "ChessBase"]
[SourceDate "2013.08.26"]

1. d4 Nf6 2. Nf3 g6 3. Bg5 Ne4 4. Bf4 Bg7 5. Nbd2 d5 6. e3 Bg4 7. Be2 Nxd2 8.
Qxd2 O-O 9. h3 Bf5 10. O-O Qc8 11. Rac1 Nd7 12. c4 Nf6 13. cxd5 Nxd5 14. Be5
Bxe5 15. Nxe5 Nf6 16. Bf3 g5 17. Qb4 Qe6 18. Rxc7 Nd5 19. Bxd5 Qxd5 20. Qxe7 h6
21. Qf6 Qe6 22. Qxe6 Bxe6 23. a3 b5 24. e4 f6 25. Ng4 h5 26. Nh6+ Kh8 27. d5
Rfc8 28. Rfc1 Bd7 29. R1c3 Rxc7 30. Rxc7 Be8 31. Nf7+ Kg8 32. Nd6 Bg6 33. f3 a6
34. Kf2 Rd8 35. Nb7 Rb8 36. d6 Kf8 37. d7 Ke7 38. Rc8 1-0

[Event "35t. Copenhagen Open (Politiken Cup)"]
[Site "Elsinore"]
[Date "2013.07.27"]
[Round "1"]
[White "Percivaldi, Martin"]
[Black "Egholm, Leif"]
[Result "1-0"]
[WhiteElo "2178"]
[BlackElo "1793"]
[PlyCount "99"]
[EventDate "2013.07.27"]
[EventType "swiss"]
[EventRounds "10"]
[EventCountry "DEN"]
[Source "ChessBase"]
[SourceDate "2013.08.26"]

1. d4 g6 2. c4 c5 3. d5 d6 4. Nc3 Bg7 5. g3 Nf6 6. Bg2 Nbd7 7. Nf3 a6 8. O-O
O-O 9. a4 Ng4 10. Qc2 Nge5 11. Nd2 f5 12. h3 f4 13. gxf4 Rxf4 14. Nde4 Rh4 15.
f4 Nxc4 16. Qd3 Na5 17. Qg3 Rh5 18. Bf3 Rf5 19. Bg4 Nf8 20. Bxf5 Bxf5 21. Nf2
Nb3 22. Ra3 Qb6 23. a5 Nxa5 24. e4 Bd7 25. Qd3 Bd4 26. Ne2 Bb5 27. Qc2 Bd7 28.
Nxd4 cxd4 29. Bd2 d3 30. Bxa5 Qxa5 31. Qxd3 Qd8 32. Qd4 Rc8 33. Rc3 h6 34. Rfc1
Kh7 35. Rxc8 Bxc8 36. Kg2 Nd7 37. e5 Qh8 38. Qd3 Nb6 39. Qb3 Nd7 40. Qc3 Nb6
41. Qd4 Nd7 42. Nd3 a5 43. Qc3 Nb6 44. Qc7 Bf5 45. Qxb6 Bxd3 46. Qxb7 Qd8 47.
Rc8 Be4+ 48. Kf2 Bxd5 49. Rxd8 Bxb7 50. exd6 1-0

[Event "35t. Copenhagen Open (Politiken Cup)"]
[Site "Elsinore"]
[Date "2013.07.27"]
[Round "1"]
[White "Petersen, Martin Reib"]
[Black "Sajjadi, Kimiya"]
[Result "1-0"]
[WhiteElo "2009"]
[BlackElo "1485"]
[PlyCount "41"]
[EventDate "2013.07.27"]
[EventType "swiss"]
[EventRounds "10"]
[EventCountry "DEN"]
[Source "ChessBase"]
[SourceDate "2013.08.26"]

1. e4 c6 2. d4 d5 3. Nc3 dxe4 4. f3 exf3 5. Nxf3 Nf6 6. Bd3 Bg4 7. Be3 Nbd7 8.
O-O e6 9. Qe1 Bh5 10. Qh4 Bg6 11. Bxg6 fxg6 12. Qh3 Qe7 13. Rae1 O-O-O 14. Bg5
Re8 15. Kh1 Qd6 16. Ne5 Re7 17. Nxg6 hxg6 18. Qxh8 Qxd4 19. Rd1 Qe5 20. Bxf6
Nxf6 21. Qxf8+ 1-0

[Event "35t. Copenhagen Open (Politiken Cup)"]
[Site "Elsinore"]
[Date "2013.07.27"]
[Round "1"]
[White "Preuss, Flemming"]
[Black "Endresen, Ola Torstein"]
[Result "1-0"]
[WhiteElo "1994"]
[BlackElo "1399"]
[PlyCount "63"]
[EventDate "2013.07.27"]
[EventType "swiss"]
[EventRounds "10"]
[EventCountry "DEN"]
[Source "ChessBase"]
[SourceDate "2013.08.26"]

1. f4 d5 2. Nf3 c5 3. g3 Nc6 4. d3 g6 5. Bg2 Nf6 6. O-O Bg7 7. c3 Qc7 8. Na3 a6
9. Qe1 O-O 10. e4 dxe4 11. dxe4 e5 12. Nc4 Nd7 13. f5 Nb6 14. Ne3 h6 15. g4 g5
16. h4 f6 17. hxg5 hxg5 18. Nd5 Qd8 19. Be3 Nd7 20. Rd1 b6 21. Qg3 Ne7 22. c4
Rb8 23. Rd2 Nc6 24. Kf2 Kf7 25. Rh1 a5 26. Rh7 Rh8 27. Qh3 Rxh7 28. Qxh7 Ne7
29. Nxf6 Nxf6 30. Nxe5+ Ke8 31. Rxd8+ Kxd8 32. Qxg7 1-0

[Event "35t. Copenhagen Open (Politiken Cup)"]
[Site "Elsinore"]
[Date "2013.07.27"]
[Round "1"]
[White "Ranby, Hans"]
[Black "Brunello, Sabino"]
[Result "0-1"]
[WhiteElo "1958"]
[BlackElo "2593"]
[PlyCount "204"]
[EventDate "2013.07.27"]
[EventType "swiss"]
[EventRounds "10"]
[EventCountry "DEN"]
[Source "ChessBase"]
[SourceDate "2013.08.26"]

1. Nf3 d5 2. e3 Nf6 3. c4 e6 4. Nc3 Nbd7 5. b3 b6 6. Bb2 Bb7 7. Be2 Bd6 8. O-O
a6 9. Rc1 O-O 10. d3 Qe7 11. Nd2 Rfd8 12. Bf3 Ne5 13. Ndb1 Nxf3+ 14. Qxf3 c5
15. Qe2 d4 16. exd4 cxd4 17. Ne4 Nxe4 18. dxe4 Qh4 19. g3 Qh3 20. Rcd1 e5 21.
Nd2 h5 22. Nf3 Qg4 23. Rfe1 Bb4 24. Nxe5 Qe6 25. Qxh5 Bxe1 26. Rxe1 d3 27. f3
Rac8 28. Rd1 d2 29. Qg5 f6 30. Qg6 Bc6 31. Ng4 Be8 32. Nxf6+ Qxf6 33. Bxf6 Bxg6
34. Bxd8 Rxd8 35. Kf2 b5 36. cxb5 axb5 37. Ke3 Be8 38. Rxd2 Rc8 39. h4 Kf7 40.
Kf4 Ke7 41. g4 Rc1 42. Ke3 Ra1 43. h5 Bf7 44. Kf4 Be8 45. Rf2 b4 46. Rd2 Bb5
47. Ke3 Re1+ 48. Kf4 Be2 49. g5 Bd1 50. h6 gxh6 51. gxh6 Kf7 52. Rd4 Rf1 53.
Rxb4 Rxf3+ 54. Ke5 Kg6 55. Rb6+ Kh7 56. Kd5 Re3 57. e5 Bf3+ 58. Kd6 Kxh6 59.
Kd7+ Kg7 60. Kd6 Kf7 61. Ra6 Rd3+ 62. Kc5 Rd5+ 63. Kb4 Rxe5 64. Ra7+ Ke6 65.
Ra6+ Kd7 66. Rh6 Bg4 67. Kc3 Be6 68. Rh2 Kc6 69. Rd2 Kc5 70. Rh2 Re3+ 71. Kb2
Bf5 72. Rd2 Rf3 73. Rh2 Kd4 74. Rd2+ Bd3 75. Rh2 Rf1 76. Rh4+ Be4 77. Ka3 Rf2
78. b4 Ke5 79. Rh5+ Kd6 80. Ka4 Rxa2+ 81. Kb3 Rg2 82. Kc3 Rg3+ 83. Kd4 Rg4 84.
Kc3 Bd5 85. Rh6+ Be6 86. b5 Rc4+ 87. Kd3 Rb4 88. Ke3 Ke5 89. Rh5+ Bf5 90. Rh8
Rb3+ 91. Kd2 Be4 92. b6 Rxb6 93. Re8+ Kd4 94. Rd8+ Bd5 95. Kc2 Rh6 96. Rd7 Rh2+
97. Kd1 Ke4 98. Re7+ Kd3 99. Ke1 Be4 100. Kf1 Ke3 101. Rg7 Ra2 102. Rg3+ Bf3
0-1

[Event "35t. Copenhagen Open (Politiken Cup)"]
[Site "Elsinore"]
[Date "2013.07.27"]
[Round "1"]
[White "Rasmussen, Allan Stig"]
[Black "Philipsen, William Horup"]
[Result "1-0"]
[WhiteElo "2502"]
[BlackElo "1922"]
[PlyCount "65"]
[EventDate "2013.07.27"]
[EventType "swiss"]
[EventRounds "10"]
[EventCountry "DEN"]
[Source "ChessBase"]
[SourceDate "2013.08.26"]

1. d4 d5 2. Nf3 Nc6 3. c4 e5 4. Nxe5 Nxe5 5. dxe5 d4 6. Nd2 Be6 7. Nf3 Bxc4 8.
Qxd4 Qxd4 9. Nxd4 O-O-O 10. Nc2 Ne7 11. Bd2 Nc6 12. Bc3 Bc5 13. e3 Bd5 14. f3
Rhe8 15. e4 Nxe5 16. exd5 Nd3+ 17. Kd2 Nf2 18. Bc4 Nxh1 19. Rxh1 c6 20. Bxg7
cxd5 21. Bf1 d4 22. g3 Kc7 23. Bd3 h5 24. f4 Kc6 25. b4 Bb6 26. Bf6 Rd6 27. Be5
Rdd8 28. Na3 Kd5 29. Bc4+ Ke4 30. Bxf7 d3 31. Re1+ Kf3 32. Bxh5+ Kg2 33. Bxe8
1-0

[Event "35t. Copenhagen Open (Politiken Cup)"]
[Site "Elsinore"]
[Date "2013.07.27"]
[Round "1"]
[White "Rasmussen, Arne"]
[Black "Spanton, Timothy"]
[Result "0-1"]
[WhiteElo "1503"]
[BlackElo "2015"]
[PlyCount "96"]
[EventDate "2013.07.27"]
[EventType "swiss"]
[EventRounds "10"]
[EventCountry "DEN"]
[Source "ChessBase"]
[SourceDate "2013.08.26"]

1. d4 d5 2. Nf3 Nc6 3. e3 Bg4 4. Be2 Nf6 5. O-O Bxf3 6. Bxf3 e5 7. dxe5 Nxe5 8.
Nd2 Nxf3+ 9. Qxf3 Bd6 10. b3 Be5 11. Rb1 Qd6 12. h3 O-O-O 13. Bb2 h5 14. Bxe5
Qxe5 15. Qe2 g5 16. Nf3 Qf5 17. Nd4 Qd7 18. c4 g4 19. h4 Ne4 20. Qc2 g3 21. f3
Nf2 22. Qf5 Rhe8 23. Qxd7+ Rxd7 24. Nf5 dxc4 25. bxc4 Nd3 26. Nxg3 Rxe3 27. Rb3
Re5 28. Kh2 Nf4 29. Rfb1 Rd2 30. R3b2 Rxb2 31. Rxb2 Rc5 32. Rc2 b5 33. Ne4 Rxc4
34. Rxc4 bxc4 35. Nc3 Kd7 36. g3 Ng6 37. Kg2 f5 38. Kh3 Ne5 39. Kg2 Kd6 40. Kf2
Kc5 41. a3 Kd4 42. Nb5+ Kd3 43. f4 Nc6 44. g4 fxg4 45. f5 c3 46. Nxc3 Kxc3 47.
f6 Nd8 48. Kg3 Kd4 0-1

[Event "35t. Copenhagen Open (Politiken Cup)"]
[Site "Elsinore"]
[Date "2013.07.27"]
[Round "1"]
[White "Rasmussen, Morten Fredsgaard"]
[Black "Svane, Rasmus"]
[Result "0-1"]
[WhiteElo "1920"]
[BlackElo "2427"]
[PlyCount "50"]
[EventDate "2013.07.27"]
[EventType "swiss"]
[EventRounds "10"]
[EventCountry "DEN"]
[Source "ChessBase"]
[SourceDate "2013.08.26"]

1. d4 d5 2. Nf3 Nf6 3. Bg5 Ne4 4. Bh4 c5 5. Nbd2 Nc6 6. e3 Qb6 7. Rb1 Bf5 8.
Nxe4 Bxe4 9. dxc5 Qxc5 10. Nd2 Qxc2 11. Qxc2 Bxc2 12. Rc1 Bf5 13. Bb5 Rc8 14.
Nf3 Bd7 15. O-O e6 16. Ne5 a6 17. Nxd7 Kxd7 18. Be2 Be7 19. Bg3 Bf6 20. b3 Nb4
21. a4 Na2 22. Rxc8 Rxc8 23. Bf3 Nc3 24. Re1 Rc6 25. e4 dxe4 0-1

[Event "35t. Copenhagen Open (Politiken Cup)"]
[Site "Elsinore"]
[Date "2013.07.27"]
[Round "1"]
[White "Rasmussen, Ole H"]
[Black "Eriksson, Christian Altenburg"]
[Result "0-1"]
[WhiteElo "1727"]
[BlackElo "2143"]
[PlyCount "72"]
[EventDate "2013.07.27"]
[EventType "swiss"]
[EventRounds "10"]
[EventCountry "DEN"]
[Source "ChessBase"]
[SourceDate "2013.08.26"]

1. e4 c5 2. Nf3 Nc6 3. d4 cxd4 4. Nxd4 e5 5. Nb5 d6 6. N1c3 a6 7. Na3 b5 8. Nd5
Nf6 9. Bg5 Be7 10. Bxf6 Bxf6 11. c3 Bg5 12. Be2 Ne7 13. O-O Bb7 14. Nxe7 Qxe7
15. Nc2 Bxe4 16. Nb4 O-O 17. Nd5 Bxd5 18. Qxd5 Qe6 19. Rfd1 Be7 20. a4 bxa4 21.
Rxa4 Rab8 22. Qa2 Qb3 23. Rxa6 Qxb2 24. c4 e4 25. Bf1 Qe5 26. Ra5 Qf6 27. Qe2
Rb2 28. Rd2 Rxd2 29. Qxd2 g6 30. Qe3 Qe6 31. h3 Rb8 32. g3 Bf6 33. Ra2 Kg7 34.
Kg2 Qe5 35. Re2 Rb1 36. Qxe4 Qa1 0-1

[Event "35t. Copenhagen Open (Politiken Cup)"]
[Site "Elsinore"]
[Date "2013.07.27"]
[Round "1"]
[White "Riis, Jens"]
[Black "Ottesen, Soren Rud"]
[Result "1-0"]
[WhiteElo "2174"]
[BlackElo "1782"]
[PlyCount "59"]
[EventDate "2013.07.27"]
[EventType "swiss"]
[EventRounds "10"]
[EventCountry "DEN"]
[Source "ChessBase"]
[SourceDate "2013.08.26"]

1. d4 Nf6 2. Nf3 d5 3. Bf4 Bf5 4. e3 e6 5. Nbd2 Nbd7 6. c4 c6 7. Qb3 Qb6 8. c5
Qxb3 9. axb3 Be7 10. b4 O-O 11. b5 cxb5 12. Bxb5 a6 13. Be2 Rfc8 14. b4 Nh5 15.
O-O Nxf4 16. exf4 h6 17. Nb3 Bd8 18. Ra3 Bg4 19. Rfa1 Bxf3 20. Bxf3 Bf6 21. Kf1
g5 22. f5 Rab8 23. fxe6 fxe6 24. Re1 Kf7 25. Bh5+ Ke7 26. Ra2 e5 27. Rae2 e4
28. f3 Rf8 29. Kg1 Kd8 30. fxe4 1-0

[Event "35t. Copenhagen Open (Politiken Cup)"]
[Site "Elsinore"]
[Date "2013.07.27"]
[Round "1"]
[White "Rorvik, Jon Fredrik"]
[Black "Pedersen, Carl Aage"]
[Result "1-0"]
[WhiteElo "2154"]
[BlackElo "1734"]
[PlyCount "117"]
[EventDate "2013.07.27"]
[EventType "swiss"]
[EventRounds "10"]
[EventCountry "DEN"]
[Source "ChessBase"]
[SourceDate "2013.08.26"]

1. c4 f5 2. Nc3 Nf6 3. g3 e6 4. Bg2 Be7 5. e3 c6 6. Nge2 O-O 7. O-O d5 8. cxd5
cxd5 9. d4 Nc6 10. Bd2 Bd7 11. Rc1 Rc8 12. Nf4 b6 13. Qe2 Na5 14. Rfd1 Nc4 15.
Be1 Nd6 16. Nd3 Nf7 17. f3 Bc6 18. Bf2 Nd6 19. Ne5 Bb7 20. Bf1 Nd7 21. Nd3 Nf6
22. Qe1 Nd7 23. Nf4 Rf6 24. Nb5 Nxb5 25. Bxb5 a6 26. Rxc8 Bxc8 27. Bf1 Bd6 28.
Nd3 a5 29. Rc1 Bb7 30. Qc3 Rf7 31. b4 Nf8 32. bxa5 bxa5 33. Qb3 Qa8 34. Be1 a4
35. Qb6 Qa6 36. Rb1 Rc7 37. Qb2 Qa7 38. Bb4 Bxb4 39. Qxb4 Ba6 40. Nc5 Bxf1 41.
Kxf1 e5 42. Qb6 exd4 43. Qxa7 Rxa7 44. exd4 Re7 45. Rb4 g5 46. Nxa4 Ne6 47. Nc5
f4 48. Nxe6 Rxe6 49. Rb5 fxg3 50. hxg3 h6 51. a4 Re3 52. Kf2 Ra3 53. a5 Ra2+
54. Kg1 Kg7 55. Rxd5 Kg6 56. g4 Ra1+ 57. Kf2 Ra2+ 58. Ke3 Ra3+ 59. Ke4 1-0

[Event "35t. Copenhagen Open (Politiken Cup)"]
[Site "Elsinore"]
[Date "2013.07.27"]
[Round "1"]
[White "Rydstrom, Tom"]
[Black "Henningsen, Lasse"]
[Result "1-0"]
[WhiteElo "2172"]
[BlackElo "1779"]
[PlyCount "114"]
[EventDate "2013.07.27"]
[EventType "swiss"]
[EventRounds "10"]
[EventCountry "DEN"]
[Source "ChessBase"]
[SourceDate "2013.08.26"]

1. e4 e5 2. Nf3 Nc6 3. Bb5 a6 4. Ba4 Nf6 5. d3 b5 6. Bb3 Be7 7. O-O d6 8. c3
O-O 9. Re1 Na5 10. Bc2 c5 11. h3 Rb8 12. Nbd2 Re8 13. Nf1 Be6 14. Ng3 Qc7 15.
Nh4 d5 16. Nhf5 Bf8 17. Bg5 Nd7 18. Qf3 f6 19. Bd2 d4 20. Ne2 Nc6 21. g4 dxc3
22. bxc3 b4 23. c4 Nd4 24. Nexd4 exd4 25. Bf4 Ne5 26. Qg3 Bxf5 27. exf5 Bd6 28.
Re4 Nf7 29. Bxd6 Qxd6 30. Qxd6 Nxd6 31. Re6 Rbd8 32. Rae1 Kf7 33. Ba4 Rxe6 34.
Rxe6 a5 35. Bc6 Kf8 36. h4 Nc8 37. Bd7 Nd6 38. Bc6 Nc8 39. Ba4 Nd6 40. f4 Kf7
41. Bc6 Nc8 42. Bd5 Ne7 43. Rd6+ Nxd5 44. Rxd8 Nxf4 45. Rd7+ Kf8 46. Ra7 Nxd3
47. Rxa5 Ke7 48. Ra7+ Kd6 49. Rxg7 Ne5 50. Rxh7 Nxc4 51. Kf2 Ne5 52. g5 fxg5
53. hxg5 c4 54. g6 c3 55. g7 c2 56. g8=Q c1=Q 57. Qe6+ Kc5 1-0

[Event "35t. Copenhagen Open (Politiken Cup)"]
[Site "Elsinore"]
[Date "2013.07.27"]
[Round "1"]
[White "Saduakassova, Dinara"]
[Black "Wiberg, Jonas"]
[Result "1-0"]
[WhiteElo "2340"]
[BlackElo "1877"]
[PlyCount "65"]
[EventDate "2013.07.27"]
[EventType "swiss"]
[EventRounds "10"]
[EventCountry "DEN"]
[Source "ChessBase"]
[SourceDate "2013.08.26"]

1. e4 c6 2. d4 d5 3. Nd2 dxe4 4. Nxe4 Bf5 5. Ng3 Bg6 6. h4 h6 7. Nf3 Nd7 8. h5
Bh7 9. Bd3 Bxd3 10. Qxd3 e6 11. Bd2 Qc7 12. O-O-O Ngf6 13. Ne4 O-O-O 14. g3
Nxe4 15. Qxe4 Nf6 16. Qe2 Bd6 17. c4 c5 18. Bc3 Rhe8 19. Ne5 Re7 20. f4 Bxe5
21. dxe5 Ne8 22. g4 Red7 23. Rxd7 Qxd7 24. Rd1 Qe7 25. Rxd8+ Qxd8 26. Qe3 b6
27. g5 Qe7 28. Bd2 hxg5 29. fxg5 Qb7 30. h6 Qh1+ 31. Qe1 Qf3 32. Qh4 gxh6 33.
gxh6 1-0

[Event "35t. Copenhagen Open (Politiken Cup)"]
[Site "Elsinore"]
[Date "2013.07.27"]
[Round "1"]
[White "Satre, Mathias"]
[Black "Hagen, Anders Gjerdrum"]
[Result "0-1"]
[WhiteElo "1805"]
[BlackElo "2187"]
[PlyCount "60"]
[EventDate "2013.07.27"]
[EventType "swiss"]
[EventRounds "10"]
[EventCountry "DEN"]
[Source "ChessBase"]
[SourceDate "2013.08.26"]

1. e4 c5 2. Nc3 Nc6 3. g3 g6 4. Bg2 Bg7 5. d3 d6 6. f4 e6 7. Nf3 Nge7 8. Ne2
O-O 9. O-O b6 10. c3 Ba6 11. Be3 Rc8 12. Rc1 Qd7 13. a3 f5 14. Qc2 d5 15. exd5
Nxd5 16. Bf2 Nf6 17. Rfd1 Ng4 18. Qa4 Nxf2 19. Kxf2 Bxd3 20. Ne1 b5 21. Qxb5
Bd4+ 22. Nxd4 Bxb5 23. Nxb5 Qe7 24. Nd6 Rcd8 25. Nxf5 gxf5 26. Bxc6 Qc7 27. Bg2
Qb6 28. Rxd8 Rxd8 29. Rc2 Rd1 30. Nf3 Rb1 0-1

[Event "35t. Copenhagen Open (Politiken Cup)"]
[Site "Elsinore"]
[Date "2013.07.27"]
[Round "1"]
[White "Schandorff, Lars"]
[Black "Hansen, Rasmus Agertoft"]
[Result "1-0"]
[WhiteElo "2522"]
[BlackElo "1945"]
[PlyCount "59"]
[EventDate "2013.07.27"]
[EventType "swiss"]
[EventRounds "10"]
[EventCountry "DEN"]
[Source "ChessBase"]
[SourceDate "2013.08.26"]

1. d4 f5 2. Bg5 h6 3. Bh4 g5 4. e4 Bg7 5. Bg3 Nf6 6. exf5 d6 7. Bd3 Nc6 8. c3
O-O 9. Nd2 Qe8 10. Ne2 Nh5 11. Qc2 Qf7 12. h4 g4 13. Nf1 e5 14. fxe6 Qxe6 15.
Ne3 Ne7 16. O-O-O Kh8 17. Kb1 a6 18. Rhf1 b5 19. Qb3 Qxb3 20. axb3 Nxg3 21.
Nxg3 Be6 22. Kc2 Bf6 23. Ne4 Bxh4 24. Rh1 Ng6 25. g3 Be7 26. Rxh6+ Kg7 27. Rdh1
d5 28. Rh7+ Kg8 29. Nd2 Bf7 30. Nxg4 1-0

[Event "35t. Copenhagen Open (Politiken Cup)"]
[Site "Elsinore"]
[Date "2013.07.27"]
[Round "1"]
[White "Schmied, Andreas"]
[Black "Sorensen, Bernhard W"]
[Result "1-0"]
[WhiteElo "2063"]
[BlackElo "1591"]
[PlyCount "85"]
[EventDate "2013.07.27"]
[EventType "swiss"]
[EventRounds "10"]
[EventCountry "DEN"]
[Source "ChessBase"]
[SourceDate "2013.08.26"]

1. d4 e6 2. c4 f5 3. Nf3 Nf6 4. g3 d5 5. Bg2 c6 6. O-O Be7 7. b3 O-O 8. Ba3
Bxa3 9. Nxa3 Qe8 10. Nc2 Ne4 11. Nb4 Nd7 12. Nd3 Rf6 13. e3 g5 14. Nfe5 Rh6 15.
f4 g4 16. Bxe4 dxe4 17. Nxd7 Bxd7 18. Ne5 Qh5 19. Rf2 Rd8 20. Qd2 b6 21. Qb4
Qe8 22. Qd6 Bc8 23. Qxc6 Qxc6 24. Nxc6 Rd7 25. a4 Rc7 26. Ne5 a5 27. Rc2 Rf6
28. Rac1 Ba6 29. c5 b5 30. c6 Rf8 31. Rc5 bxa4 32. Rxa5 Bb7 33. b4 Rfc8 34. b5
Kg7 35. Rxa4 Ra8 36. Rxa8 Bxa8 37. Ra1 Rc8 38. Ra7+ Kh6 39. Nf7+ Kg6 40. Nd6
Bxc6 41. Nxc8 Bxb5 42. Nd6 Bd3 43. Rc7 1-0

[Event "35t. Copenhagen Open (Politiken Cup)"]
[Site "Elsinore"]
[Date "2013.07.27"]
[Round "1"]
[White "Sivaranjan, Aschmirthan"]
[Black "Stray, Gunnar"]
[Result "0-1"]
[WhiteElo "1583"]
[BlackElo "2056"]
[PlyCount "80"]
[EventDate "2013.07.27"]
[EventType "swiss"]
[EventRounds "10"]
[EventCountry "DEN"]
[Source "ChessBase"]
[SourceDate "2013.08.26"]

1. e4 c5 2. Nf3 e6 3. d4 cxd4 4. Nxd4 a6 5. c4 Qc7 6. Bd3 Nc6 7. Ne2 Bc5 8. O-O
Nb4 9. a3 Nxd3 10. Qxd3 Ne7 11. Nbc3 Ng6 12. b4 Be7 13. Ra2 O-O 14. f4 d6 15.
Be3 Bd7 16. Rc1 Rac8 17. Nb1 b6 18. Rd2 Rfd8 19. Qd4 Rb8 20. Qd3 Qb7 21. Nbc3
Be8 22. Ng3 Rd7 23. Nge2 Rc7 24. Nd4 Rbc8 25. Rdc2 Bf6 26. Nf3 Ba4 27. Rf2 d5
28. exd5 exd5 29. c5 Bb5 30. Qd1 bxc5 31. Bxc5 Nxf4 32. Nd4 Bxd4 33. Qxd4 Ne6
34. Qg4 Bd3 35. Rd1 Bg6 36. Be3 Rc4 37. Qf3 Rxc3 38. Rxd5 Rxe3 39. Rd8+ Nxd8
40. Qxe3 Ne6 0-1

[Event "35t. Copenhagen Open (Politiken Cup)"]
[Site "Elsinore"]
[Date "2013.07.27"]
[Round "1"]
[White "Sjol, Henrik"]
[Black "Colpe, Malte"]
[Result "0-1"]
[WhiteElo "1871"]
[BlackElo "2311"]
[PlyCount "52"]
[EventDate "2013.07.27"]
[EventType "swiss"]
[EventRounds "10"]
[EventCountry "DEN"]
[Source "ChessBase"]
[SourceDate "2013.08.26"]

1. d4 Nf6 2. Nf3 c5 3. e3 b6 4. Nbd2 Bb7 5. Bd3 g6 6. O-O Bg7 7. Qe2 O-O 8.
dxc5 bxc5 9. e4 Nc6 10. c3 d6 11. Nc4 Ne8 12. Bd2 Nc7 13. Rfd1 a5 14. Rab1 Rb8
15. Ne3 e6 16. Ng4 f5 17. Bg5 fxg4 18. Bxd8 gxf3 19. Bxc7 fxe2 20. Bxe2 Rbc8
21. Bxd6 Rfe8 22. Bxc5 Ne5 23. Bb5 Bxe4 24. Ra1 Bc6 25. Bxc6 Rxc6 26. Ba3 Nc4
0-1